00913nam a22002417a 450000100060000000300090000600500170001500700060003200800450003802000120008304000220009509200230011710000570014024501740019726000620037130000270043370000260046094200120048694500270049895201100052595600210063599900150065600094DO-SdBNP20180201090908.000094160315b mx 2006 ||||| |||| 00| 0 spa d a9709765 aBPMSUbspacBPMSU axxxxxxxxbxxxxxxxx10aFernández Lizardi, José Joaquín de,d1776-182713aEl periquillo sarmiento :bsus extraordinarias venturas y desventuras, contadas por FelipeGarridocJosé Joaquín Fernández de Lizardi ; ilustración Sixto Valencia aMéxico :bSecretaría de educación pública,c2006. a127 p. :bil.,c21 cm.10aValencia, Sixto,eil. 2ddccBK aInventariado, 2018/ YL 00102ddc40708CJ-GaBPMETbBPMETd2016-03-15eDonaciónl0pBPMSU16030123r2016-03-15w2016-03-15yBK aBrenda Tavárez c9246d9246